| 000 | 00506nam a2200181 a 4500 | ||
|---|---|---|---|
| 001 | 18466 | ||
| 003 | CO-ViMGA | ||
| 008 | 141112s2004 ck r 000 u spa d | ||
| 040 |
_aCO-ViMGA _bspa _cCO-ViMGA |
||
| 082 | 0 | 4 | _aLOBc |
| 100 | 1 |
_aLobo Amaya, Alfonso _926295 |
|
| 245 | 1 | 0 | _aCamaleón manchas |
| 260 |
_aBogotá, _cEcoe, _c1992 |
||
| 300 | _a16.p. | ||
| 500 | _aPremio Nacional de literatura infantil "Raimundo Susaeta" 1987. | ||
| 650 | 1 | 4 |
_aCUENTOS INFANTILES COLOMBIANOS _92369 |
| 942 |
_2ddc _cBK |
||
| 999 |
_c27762 _d27762 |
||